Brunei Darussalam : Investment guide.
| Corporate Author: | |
|---|---|
| Format: | Book |
| Published: |
Bandar Seri Begawan:
Ministry of Industry and Primary Resources,
1997.
|
| Subjects: |
| LEADER | 00553cam a2200169 7i4500 | ||
|---|---|---|---|
| 001 | 0000006211 | ||
| 005 | 19991025090000.0 | ||
| 002 | ##000007878 | ||
| 020 | 0 | 0 | |a T000006078 |
| 090 | 0 | 0 | |a BRUN 332.6 |b MIN |
| 110 | 0 | 0 | |a Ministry of Industry and Primary Resources |
| 245 | 0 | 0 | |a Brunei Darussalam : |b Investment guide. |
| 260 | 0 | 0 | |a Bandar Seri Begawan: |b Ministry of Industry and Primary Resources, |c 1997. |
| 300 | 0 | 0 | |a 51 p.. |
| 650 | 0 | 0 | |a Investments -- |z Brunei Darussalam |
| 651 | 0 | 0 | |a Brunei Darussalam |
| 999 | |a 0000009147 |b Book |c Open shelf |e Business Information Centre | ||